000 00621nam a2200205Ia 4500
003 OSt
005 20250724120128.0
008 210210b1998 xxu||||| |||| 00| 0 eng d
040 _cAL
041 _aKannada
082 _aK894.4 SUBS
100 _aSUBBANNA (K V).
_dಸುಬ್ಬಣ್ಣ (ಕೆ ವಿ)
_9219912
245 _aSvarajyada hadi hejjegalu.
_b ಸ್ವರಾಜ್ಯದ ಹಾದಿ ಹೆಜ್ಜೆಗಳು.
260 _aPutturu
_bKarnatakada Sangha
_c1998
300 _a154
650 _aGandhi Vicharagalu
_9219913
690 _aKannada Prose
_9219914
906 _a054770
942 _2ddc
_cBK
999 _c102635
_d102635